| 000 | 00854nam a2200217Ia 4500 | ||
|---|---|---|---|
| 003 | IN-BaIIA | ||
| 008 | 211028s9999 xx 000 0 eng d | ||
| 020 | _a978-1-4020-5572-0 | ||
| 040 | _cIIA Library | ||
| 080 |
_a524.6(082.1) _bISL |
||
| 111 |
_aConference on Island Universes _cNetherlands _d2005 July 3 -8 _932021 |
||
| 245 | 0 |
_aIsland universes-structure and evolution of disk galaxies _bproceedings of the conference held in Terschelling, Netherlands, 3 -8 July 2005 _cedited by R. S. De Jong |
|
| 260 |
_aDordrecht _bSpringer _c2007 |
||
| 300 | _axxiii, 581p. | ||
| 490 | _aAstrophysics and space science proceedings; v. 3 | ||
| 650 |
_aDisks(Astrophysics) _932022 |
||
| 650 |
_aGalactic dynamics _91517 |
||
| 650 |
_aGalaxies - Evolution _910343 |
||
| 700 |
_aDe Jong, R. S., ed. _932023 |
||
| 942 | _cBK | ||
| 999 |
_c17036 _d17036 |
||